| 000 | 00921nam a2200301 a 4500 | ||
|---|---|---|---|
| 001 | 000015207 | ||
| 003 | DO-SdBPM | ||
| 005 | 20251028124652.0 | ||
| 007 | ta | ||
| 008 | 100203s200u dr a 000 j spa d | ||
| 020 | _a9945130013 | ||
| 040 |
_aDO-SdBPM _bspa _cBPMSU _erda |
||
| 082 | 4 |
_aRD863.44 _bA973c _222 |
|
| 100 | 1 |
_aAybar, María _eautor |
|
| 245 | 1 | 0 |
_aCuentos para reir y aforismos para seguir riendo / _cMaría Aybar. |
| 264 |
_aSanto Domingo : _bMediabyte. _c[200-?] |
||
| 300 |
_a54 páginas : _bilustraciones ; _c21 cm. |
||
| 336 |
_atexto _btxt _2rdacontent |
||
| 337 |
_asin mediación _bn _2rdamedia |
||
| 338 |
_avolumen _bnc _2rdacarrier |
||
| 590 | _aInventariado, 2025/VM | ||
| 650 | 7 | _aCuentos dominicanos | |
| 650 | 7 | _aLiteratura dominicana | |
| 650 | z | _aShort stories, Dominican | |
| 650 | z | _aDominican literature | |
| 910 | _aVMateo V. Control de calidad BPMSU | ||
| 942 |
_2ddc _cBK |
||
| 999 |
_c14123 _d14123 |
||